Classement perpétuel du Top 14. - Statistiques

Statistiques générales
  • Ce quiz a été pris 13 845 fois
    11 701 depuis la dernière actualisation
  • Le résultat moyen est 14 sur 20
Statistiques - réponses
# Saisons Points Club % Correct
1 30 2094 Stade toulousain
99%
4 28 1637 Stade français Paris
96%
14 14 866 Union-Bordeaux-Bègles
93%
10 19 993 Biarritz olympique
91%
5 23 1393 RC Toulon
91%
16 11 629 Lyon OU
87%
2 30 1899 ASM Clermont
84%
13 17 910 Stade rochelais
82%
6 24 1360 Montpellier HR
81%
12 18 922 Aviron bayonnais
81%
11 21 938 Section paloise
80%
8 19 1163 Racing 92
80%
7 24 1306 USA Perpignan
79%
3 30 1703 Castres olympique
72%
18 15 575 FC Grenoble
57%
9 24 1186 CA Brive
52%
20 8 319 US Montauban
51%
15 20 803 SU Agen
43%
19 12 361 RC Narbonne
32%
17 16 601 CS Bourgoin-Jallieu
16%
Aucun quiz correspondant
Distribution des résultats
% des personnes avec chaque résultat
Percentile par nombre de réponses
Votre historique - résultats
Vous n’avez pas pris ce quiz depuis la dernière actualisation